| 000 | 02519nam a22004697a 4500 | ||
|---|---|---|---|
| 003 | CHAP | ||
| 005 | 20220329140057.0 | ||
| 008 | 971013s1970 r 10010 d | ||
| 010 | _a46640 | ||
| 011 | _a47612 | ||
| 035 | _a51755 | ||
| 040 | _cCHAP | ||
| 082 |
_a338.0183 _bR4 1970 |
||
| 111 | 0 | 0 |
_aReunión Nacional para el Desarrollo Industrial de México ( _d1970 _c: Naucalpan, Méx.) _996532 |
| 245 | _a(Ponencias) | ||
| 260 |
_aMéxico, D. F. : _bInstituto de Estudios Económicos, Políticos y Sociales, _c1970 |
||
| 300 |
_a9 v. _b: Progrma : ilus. |
||
| 505 | _aContenido : v.1 La política del desarrollo industrial. ; desarrollo de los sectores industriales.--v.2 Los grandes problemas del desarrollo industrial.--v.3-5 La promoción del desarrollo industrial.-- v.6 Nuevos desarrollo industriales.--v.7 La polít | ||
| 590 |
_aBATCH-UPD _b10 _c20130110 _lUCH01 _h1601 |
||
| 590 |
_aBATCH-UPD _b10 _c20130410 _lUCH01 _h0958 |
||
| 590 |
_aBATCH-UPD _b10 _c20130914 _lUCH01 _h1633 |
||
| 590 |
_aCONVERSION _b10 _c20130109 _lUCH01 _h1325 |
||
| 650 | 1 | 4 |
_aIndustria _xMéxico. _957751 |
| 650 | 1 | 4 |
_aIndustrialización. _957923 |
| 901 | _aBK | ||
| 942 | _cLIBRO | ||
| 949 |
_a338.0183 R4 1970 _bBC _cLIBRO _d33724000352191 _eLIBRO _fProg. _h30848 _i51755 _si |
||
| 949 |
_a338.0183 R4 1970 _bBC _cLIBRO _d33724000352209 _eLIBRO _fv.9 _h15804 _i51755 _si |
||
| 949 |
_a338.0183 R4 1970 _bBC _cLIBRO _d33724000352217 _eLIBRO _fv.8 _h15808 _i51755 _si |
||
| 949 |
_a338.0183 R4 1970 _bBC _cLIBRO _d33724000352225 _eLIBRO _fv.7 c.2 _h31340 _i51755 _si |
||
| 949 |
_a338.0183 R4 1970 _bBC _cLIBRO _d33724000352233 _eLIBRO _fv.7 _h15802 _i51755 _si |
||
| 949 |
_a338.0183 R4 1970 _bBC _cLIBRO _d33724000352241 _eLIBRO _fv.6 _h15002 _i51755 _si |
||
| 949 |
_a338.0183 R4 1970 _bBC _cLIBRO _d33724000352258 _eLIBRO _fv.5 _h15001 _i51755 _si |
||
| 949 |
_a338.0183 R4 1970 _bBC _cLIBRO _d33724000352266 _eLIBRO _fv.4 _h15000 _i51755 _si |
||
| 949 |
_a338.0183 R4 1970 _bBC _cLIBRO _d33724000352274 _eLIBRO _fv.3 c.2 _h31339 _i51755 _si |
||
| 949 |
_a338.0183 R4 1970 _bBC _cLIBRO _d33724000352282 _eLIBRO _fv.3 _h14999 _i51755 _si |
||
| 949 |
_a338.0183 R4 1970 _bBC _cLIBRO _d33724000352290 _eLIBRO _fv.2 c.2 _h31338 _i51755 _si |
||
| 949 |
_a338.0183 R4 1970 _bBC _cLIBRO _d33724000352308 _eLIBRO _fv.8 c.2 _h31341 _i51755 _si |
||
| 949 |
_a338.0183 R4 1970 _bBC _cLIBRO _d33724000352316 _eLIBRO _fv.2 _h14998 _i51755 _si |
||
| 949 |
_a338.0183 R4 1970 _bBC _cLIBRO _d33724000352324 _eLIBRO _fv.1 c.2 _h31337 _i51755 _si |
||
| 949 |
_a338.0183 R4 1970 _bBC _cLIBRO _d33724000352332 _eLIBRO _fv.1 _h14997 _i51755 _si |
||
| 999 |
_c46640 _d46640 |
||